MARC details
| 000 -CABECERA |
| campo de control de longitud fija |
01706nam a22003377a 4500 |
| 003 - IDENTIFICADOR DEL NÚMERO DE CONTROL |
| campo de control |
DO-SdBNP |
| 005 - FECHA Y HORA DE LA ÚLTIMA TRANSACCIÓN |
| campo de control |
20250307073711.0 |
| 007 - CAMPO FIJO DE DESCRIPCIÓN FÍSICA--INFORMACIÓN GENERAL |
| campo de control de longitud fija |
ta |
| 008 - DATOS DE LONGITUD FIJA--INFORMACIÓN GENERAL |
| campo de control de longitud fija |
140626s1992 dr a b 000 0 spa d |
| 040 ## - FUENTE DE LA CATALOGACIÓN |
| Centro catalogador/agencia de origen |
DO-SdBNP |
| Lengua de catalogación |
spa |
| Centro/agencia transcriptor |
BNPHU |
| 082 #4 - NÚMERO DE LA CLASIFICACIÓN DECIMAL DEWEY |
| Número de clasificación |
RD863.42 |
| Número de documento/Ítem |
H519cu 1992 |
| Número de edición |
22 |
| 100 1# - ENTRADA PRINCIPAL--NOMBRE DE PERSONA |
| Nombre de persona |
Henríquez Ureña, Pedro, |
| Fechas asociadas al nombre |
1884-1946 |
| 9 (RLIN) |
1718 |
| 245 14 - MENCIÓN DE TÍTULO |
| Título |
Los cuentos de la Nana Lupe / |
| Mención de responsabilidad, etc. |
Pedro Henríquez Ureña ; ilustraciones Braulio Brito Martínez... [et. al] |
| 260 ## - PUBLICACIÓN, DISTRIBUCIÓN, ETC. |
| Lugar de publicación, distribución, etc. |
Santo Domingo : |
| Nombre del editor, distribuidor, etc. |
Tobogán, |
| -- |
Alfa y Omega |
| Fecha de publicación, distribución, etc. |
1992. |
| 300 ## - DESCRIPCIÓN FÍSICA |
| Extensión |
188p. : |
| Otras características físicas |
il. ; |
| Dimensiones |
22 cm. |
| 490 1# - MENCIÓN DE SERIE |
| Mención de serie |
Biblioteca Juvenil Tobogán ; |
| Designación de volumen o secuencia |
3 |
| 500 ## - NOTA GENERAL |
| Nota general |
Incluye datos biográficos del autor en la pagina 9-10. |
| 500 ## - NOTA GENERAL |
| Nota general |
Los cuentos de la nana Lupe, de Pedro Henríquez Ureña, obra de Biblioteca Juvenil TOBOGAN, se publican gracias al patrocinio de: Campamento para niños CASA DE CAMPO. |
| 505 0# - NOTA DE CONTENIDO CON FORMATO |
| Título |
Presentación -- |
| -- |
Pedro Henríquez Ureña -- |
| -- |
En los volcanes -- |
| -- |
El jauja -- |
| -- |
Con las brujas -- |
| -- |
Con las hormigas y la cigarra -- |
| -- |
Con el cuervo y el coyote -- |
| -- |
Con las ranas -- |
| -- |
Con el León -- |
| -- |
Con el camello -- |
| -- |
Con el perro -- |
| -- |
Con el corderito -- |
| -- |
Con el gallo y la gallinas -- |
| -- |
Con el zorro azul -- |
| -- |
Con la cigüeña -- |
| -- |
Con el burro -- |
| -- |
Con el burro y el ratón -- |
| 590 ## - NOTA LOCAL (RLIN) |
| Nota local |
Inventariado, 2022/ YL |
| 650 #0 - PUNTO DE ACCESO ADICIONAL DE MATERIA--TÉRMINO DE MATERIA |
| Término de materia o nombre geográfico como elemento de entrada |
Cuentos dominicanos |
| 9 (RLIN) |
176 |
| 650 #0 - PUNTO DE ACCESO ADICIONAL DE MATERIA--TÉRMINO DE MATERIA |
| Término de materia o nombre geográfico como elemento de entrada |
Literatura dominicana. |
| 9 (RLIN) |
67 |
| 700 12 - PUNTO DE ACCESO ADICIONAL--NOMBRE DE PERSONA |
| Nombre de persona |
Brito Martínez, Braulio |
| Término indicativo de función/relación |
il. |
| 9 (RLIN) |
72388 |
| 700 12 - PUNTO DE ACCESO ADICIONAL--NOMBRE DE PERSONA |
| Nombre de persona |
Fermín, Andrés |
| Término indicativo de función/relación |
il. |
| 9 (RLIN) |
82788 |
| 700 12 - PUNTO DE ACCESO ADICIONAL--NOMBRE DE PERSONA |
| Nombre de persona |
Suárez, Frank |
| Término indicativo de función/relación |
il. |
| 9 (RLIN) |
10209 |
| 700 12 - PUNTO DE ACCESO ADICIONAL--NOMBRE DE PERSONA |
| Nombre de persona |
Vargas, Domingo Nicolás |
| Término indicativo de función/relación |
il. |
| 9 (RLIN) |
82789 |
| 700 12 - PUNTO DE ACCESO ADICIONAL--NOMBRE DE PERSONA |
| Nombre de persona |
Núñez, Ruddy |
| Término indicativo de función/relación |
il. |
| 9 (RLIN) |
23171 |
| 830 #0 - PUNTO DE ACCESO ADICIONAL DE SERIE-TÍTULO UNIFORME |
| Título uniforme |
Biblioteca Juvenil Tobogán ; |
| Número de parte o sección de la obra |
3 |
| 9 (RLIN) |
72389 |
| 910 ## - DATOS DE OPCIÓN DEL USUARIO (OCLC) |
| Datos de opción del usuario |
YLockward. |
| 942 ## - ELEMENTOS DE PUNTO DE ACCESO ADICIONAL (KOHA) |
| Fuente del sistema de clasificación o colocación |
Dewey Decimal Classification |
| Tipo de ítem Koha |
Libro |